Famous Davids - Statistics

General Stats
  • This quiz has been taken 31,196 times
    15,351 since last reset
  • The average score is 9 of 20
Answer Stats
Hint Answer % Correct
English football star who married a Spice Girl David Beckham
97%
Glam rocker who died in 2016 David Bowie
73%
Narrator of "Planet Earth" who turned 100 in 2026 David Attenborough
67%
Magician whose takes his stage name from the title of a Charles Dickens novel David Copperfield
66%
Mythical character whose "locker" is at the bottom of the sea Davy Jones
62%
One of the "Friends" actors David Schwimmer
61%
French DJ who recorded "Titanium" David Guetta
59%
"Baywatch" star who also recorded some hit songs in Germany David Hasselhoff
57%
Prime Minister of the United Kingdom, 2010–16 David Cameron
56%
Brits know him as the Tenth Doctor David Tennant
47%
Known as the "King of the Wild Frontier", he died at the Alamo Davy Crockett
45%
Friend of Stills and Nash David Crosby
42%
WWE wrestler who starred as Drax in "Guardians of the Galaxy" Dave Bautista
41%
"X-Files" star David Duchovny
40%
The first Prime Minister of Israel David Ben-Gurion
35%
Lead singer of Van Halen, at times David Lee Roth
31%
"Kung Fu" and "Kill Bill" actor David Carradine
24%
Founder of Wendy's Dave Thomas
18%
"Crash into" this jam band singer Dave Matthews
17%
Author of the book "Infinite Jest" David Foster Wallace
11%
No matching quizzes found
Score Distribution
Percent of People with Each Score
Percentile by Number Answered
Your Score History
You have not taken this quiz since the last reset